China business parks (Record no. 108630)

MARC details
000 -LEADER
fixed length control field 01354cad a22002055a 4500
001 - CONTROL NUMBER
control field L144856
008 - FIXED-LENGTH DATA ELEMENTS--GENERAL INFORMATION
fixed length control field 130808s2008 xxkd f s 000 0 eng d
035 ## - SYSTEM CONTROL NUMBER
System control number (Sirsi) u144856
041 0# - LANGUAGE CODE
Language code of text/sound track or separate title eng
050 04 - LIBRARY OF CONGRESS CALL NUMBER
Classification number 332.33 $2 18
110 2# - MAIN ENTRY--CORPORATE NAME
Corporate name or jurisdiction name as entry element Jones Lang LaSalle
9 (RLIN) 3755
245 00 - TITLE STATEMENT
Title China business parks
Remainder of title the next real estate opportunity
Medium [electronic resource]
260 ## - PUBLICATION, DISTRIBUTION, ETC.
Place of publication, distribution, etc. London
Name of publisher, distributor, etc. JLL
Date of publication, distribution, etc. 2008
520 ## - SUMMARY, ETC.
Summary, etc. Reports that the business park sector in China is still in its early stages of development with a history of just over 10 years. However, the sector is now firmly set to take-off as the property market responds to rising demand for high quality decentralised business space. Considers the brief history of the business park market in China. Reviews the future drivers of growth. Identifies the likely business park hotspots. Assesses how the development and investment market is likely to grow in the near future.
590 ## - LOCAL NOTE (RLIN)
Local note KA
651 #4 - SUBJECT ADDED ENTRY--GEOGRAPHIC NAME
Geographic name China
690 ## - LOCAL SUBJECT ADDED ENTRY--TOPICAL TERM (OCLC, RLIN)
Topical term or geographic name as entry element PROPERTY-COMMERCIAL PROPERTY-COMMERCIAL PROPERTY MARKET
856 40 - ELECTRONIC LOCATION AND ACCESS
Uniform Resource Identifier <a href="https://www.joneslanglasalle.com.cn/China/EN-GB/Pages/ResearchDetails.aspx?ItemID=948&ResearchTitle=China%20Business%20Parks:%20The%20Next%20Real%20Estate%20Opportunity&TopicName=Global%20-%20World%20Winning%20Cities">https://www.joneslanglasalle.com.cn/China/EN-GB/Pages/ResearchDetails.aspx?ItemID=948&ResearchTitle=China%20Business%20Parks:%20The%20Next%20Real%20Estate%20Opportunity&TopicName=Global%20-%20World%20Winning%20Cities</a>
Public note View the report free of charge after registration at www.joneslanglasalle.com
942 ## - ADDED ENTRY ELEMENTS (KOHA)
Suppress in OPAC 0
Holdings
Withdrawn status Lost status Source of classification or shelving scheme Damaged status Not for loan Home library Current library Shelving location Date acquired Total Checkouts Full call number Barcode Date last seen Copy number Price effective from Koha item type
    Dewey Decimal Classification     Virtual Virtual Online 13/08/2008   ONLINE PUBLICATION 144856-2001 06/08/2019 1 06/08/2019 Book